000
00311nam a22001337a 4500
003
SGT
020
_a
978-84-775-8957-3
082
_a
547
_b
FUR
100
_a
FURNISS, BRAIN S.
245
_a
VOGEL'S TB. OF PRACTICAL ORGANIC CHEMISTRY
260
_a
DELHI
_b
PEARSON
_c
2023
300
_a
1514
942
_2
ddc
_c
BK
_0
2
999
_c
24645
_d
24645